000 00318nam a2200109Ia 4500
008 220204s9999 xx 000 0 und d
082 _a331.1
_bFOU
245 0 _aFourth digest of Indian labour research (1973-84)
260 _aChandigarh
_bLabour Bureau, Ministry of Labour, Govt of
490 _aIndia 1987
942 _cBK
999 _c43956
_d43956